<?xml version="1.0" encoding="UTF-8"?><?xml-stylesheet type="text/xsl" href="static/style.xsl"?><OAI-PMH xmlns="http://www.openarchives.org/OAI/2.0/" xmlns:xsi="http://www.w3.org/2001/XMLSchema-instance" xsi:schemaLocation="http://www.openarchives.org/OAI/2.0/ http://www.openarchives.org/OAI/2.0/OAI-PMH.xsd"><responseDate>2026-04-18T06:04:54Z</responseDate><request verb="GetRecord" identifier="oai:www.recercat.cat:2445/194220" metadataPrefix="marc">https://recercat.cat/oai/request</request><GetRecord><record><header><identifier>oai:recercat.cat:2445/194220</identifier><datestamp>2025-12-05T10:36:08Z</datestamp><setSpec>com_2072_1057</setSpec><setSpec>col_2072_478917</setSpec><setSpec>col_2072_478935</setSpec></header><metadata><record xmlns="http://www.loc.gov/MARC21/slim" xmlns:dcterms="http://purl.org/dc/terms/" xmlns:xsi="http://www.w3.org/2001/XMLSchema-instance" xmlns:doc="http://www.lyncode.com/xoai" xsi:schemaLocation="http://www.loc.gov/MARC21/slim http://www.loc.gov/standards/marcxml/schema/MARC21slim.xsd">
   <leader>00925njm 22002777a 4500</leader>
   <datafield ind2=" " ind1=" " tag="042">
      <subfield code="a">dc</subfield>
   </datafield>
   <datafield ind2=" " ind1=" " tag="720">
      <subfield code="a">Freude, Leon</subfield>
      <subfield code="e">author</subfield>
   </datafield>
   <datafield ind2=" " ind1=" " tag="720">
      <subfield code="a">Vergés Bosch, Núria</subfield>
      <subfield code="e">author</subfield>
   </datafield>
   <datafield ind2=" " ind1=" " tag="720">
      <subfield code="a">Camps Calvet, Clara</subfield>
      <subfield code="e">author</subfield>
   </datafield>
   <datafield ind2=" " ind1=" " tag="260">
      <subfield code="c">2023-02-27T09:32:18Z</subfield>
   </datafield>
   <datafield ind2=" " ind1=" " tag="260">
      <subfield code="c">2023-02-27T09:32:18Z</subfield>
   </datafield>
   <datafield ind2=" " ind1=" " tag="260">
      <subfield code="c">2021</subfield>
   </datafield>
   <datafield ind2=" " ind1=" " tag="520">
      <subfield code="a">El aprendizaje de Servicio se constituye como una metodología docente y de&#xd;
investigación innovadora y creciente en nuestras universidades, también en sociología.&#xd;
Sin embargo, aún se ha profundizado poco en sus potenciales desde una sociología&#xd;
comprometida con los feminismos. En esta comunicación presentamos una experiencia&#xd;
de APS en torno a temáticas relacionadas con la sociología y el género desarrollada en&#xd;
tres cursos consecutivos en el marco del proyecto transversal de la UB “Compartir&#xd;
idees”.</subfield>
   </datafield>
   <datafield ind2=" " ind1=" " tag="520">
      <subfield code="a">Este proyecto tiene como objetivo compartir conocimientos sobre un tema que se trabaja&#xd;
en la universidad y que es relevante para la formación del alumnado de secundaria. En&#xd;
nuestro caso consistió en formar y acompañar al estudiantado para la realización de&#xd;
unas conferencias-taller sobre género y tecnología en los institutos. Además, como&#xd;
elemento innovador, relacionamos esta docencia con el proyecto de investigación&#xd;
GENTALENT que buscaba mejorar la incorporación, retención y promoción de las&#xd;
mujeres en las TIC. Con la experiencia de APS buscamos trabajar y reflexionar sobre la&#xd;
socialización de género, el mercado laboral con perspectiva de género y, finalmente,&#xd;
cuestionar la brecha digital de género y contribuir a generar nuevas vocaciones&#xd;
tecnológicas entre las chicas. A través de las encuestas de evaluación, así como de las&#xd;
observaciones y resúmenes de las experiencias del estudiantado universitario&#xd;
participante de sociología, mostramos los principales resultados del proyecto. Aunque&#xd;
con algunas limitaciones, la experiencia ha sido muy satisfactoria, tanto para las&#xd;
profesoras como para el alumnado participante, y muestra un gran potencial de&#xd;
aprendizaje y transformación, también respecto al género.</subfield>
   </datafield>
   <datafield tag="653" ind2=" " ind1=" ">
      <subfield code="a">Aprenentatge servei</subfield>
   </datafield>
   <datafield tag="653" ind2=" " ind1=" ">
      <subfield code="a">Tecnologia</subfield>
   </datafield>
   <datafield tag="653" ind2=" " ind1=" ">
      <subfield code="a">Gènere</subfield>
   </datafield>
   <datafield tag="653" ind2=" " ind1=" ">
      <subfield code="a">Feminisme</subfield>
   </datafield>
   <datafield tag="653" ind2=" " ind1=" ">
      <subfield code="a">Service learning</subfield>
   </datafield>
   <datafield tag="653" ind2=" " ind1=" ">
      <subfield code="a">Technology</subfield>
   </datafield>
   <datafield tag="653" ind2=" " ind1=" ">
      <subfield code="a">Gender</subfield>
   </datafield>
   <datafield tag="653" ind2=" " ind1=" ">
      <subfield code="a">Feminism</subfield>
   </datafield>
   <datafield ind2="0" ind1="0" tag="245">
      <subfield code="a">Aprendizaje de servicio con perspectiva feminista. Una experiencia desde la Sociología en torno a la relación género y tecnologías</subfield>
   </datafield>
</record></metadata></record></GetRecord></OAI-PMH>